000
00270nam a2200109Ia 4500
008
200302s9999 xx 000 0 und d
100
_a
John L. Fetters
245
_a
The HandBook of Lighting Surveys and Audits
260
_b
CRC Press
260
_c
1998
300
_a
155 P.,
999
_c
1421
_d
1421